Komócsin Zoltán elvtárs szegedi látogatásai
Elmentve itt :
| Dokumentumtípus: | Cikk |
|---|---|
| Megjelent: |
1966-03-20
|
| Sorozat: | Délmagyarország
56 No. 67 |
| Kulcsszavak: | Komócsin Zoltán, Városlátogatás politikus 1966, hazai politikusok látogatásai |
| Online Access: | http://dmarchiv.bibl.u-szeged.hu/71232 |
| LEADER | 00487nab a2200145 i 4500 | ||
|---|---|---|---|
| 001 | delm71232 | ||
| 005 | 20180928082414.0 | ||
| 008 | 180928s1966 hu o 0|| hun d | ||
| 040 | |a SZTE Délmagyarország Archívum |b hun | ||
| 041 | |a hun | ||
| 245 | 0 | 0 | |a Komócsin Zoltán elvtárs szegedi látogatásai |h [elektronikus dokumentum] |
| 260 | |c 1966-03-20 | ||
| 300 | |a 1 | ||
| 490 | 0 | |a Délmagyarország |v 56 No. 67 | |
| 695 | |a Komócsin Zoltán, Városlátogatás politikus 1966, hazai politikusok látogatásai | ||